00784nam a2200217 i 450000100060000000300090000600500170001500700030003200800410003502000180007624500750009426000320016930000350020149000460023650400200028270000380030283000540034085200330039499900170042795201220044433356ES-MaACL20250817141308.0t|030202s1986 sp ||||1| spa d a84-85876-50-400aBestiario medieval / cedición a cargo de Ignacio Malaxecheverría. aMadrid : bSiruela, c1986. aXXI, 292 p. : bil. ; c23 cm.1 aSelección de lecturas medievales ; v18 aBibliografía.1 aMalaxecheverría, Ignacio9757020 aSelección de lecturas medievales ; v189179419 aES-MaACLjL-11097 bR.112813 c33356d33356 00104070aATENEOMbATENEOMcDEPO2d2008-01-17eSCl0oL-11097p1034691r2023-02-23 00:00:00w2023-02-23yMONOGRAFIA